kku e-library facility

Uses and Applications of Chemical and related materials (Record no. 230)

MARC details
000 -LEADER
fixed length control field 00395nam a2200121 4500
005 - DATE AND TIME OF LATEST TRANSACTION
control field 20260422114350.0
008 - FIXED-LENGTH DATA ELEMENTS--GENERAL INFORMATION
fixed length control field 260422b |||||||| |||| 00| 0 eng d
100 ## - MAIN ENTRY--PERSONAL NAME
Personal name Gregory C. Thomas
245 ## - TITLE STATEMENT
Title Uses and Applications of Chemical and related materials
Statement of responsibility, etc. /Thomas C. Gregory
260 ## - PUBLICATION, DISTRIBUTION, ETC.
Place of publication, distribution, etc. New York, USA;
Name of publisher, distributor, etc. Reinhold Publishing corporation;
Date of publication, distribution, etc. 1939
300 ## - PHYSICAL DESCRIPTION
Extent vi,665p.ill;
Dimensions 23.2cm
942 ## - ADDED ENTRY ELEMENTS (KOHA)
Source of classification or shelving scheme Library of Congress Classification
Suppress in OPAC No
Koha item type Books

No items available.

©2025 All rights reserved. KKU